000 01195nmm a2200349 a 4500
001 ocm000882879
003 TR-IsHL
005 20201028143132.0
008 140118s2013 tu tur
007 cr cn
020 _a9789753854009
035 _a882879
_b(N$T)
050 0 4 _aPR9499.3.T34
_bG6319 2013
090 0 4 _aPR9499.3.T34
_bG6319 2013
100 1 _aTagore, Rabindranath
245 1 0 _aGora
_h[electronic resource] /
_cRabindranath Tagore ; çev. Hasan Murat Başbay
260 _aİstanbul :
_bOda Yayınları,
_c2013
300 _a496 p.
650 4 _aDil ve Edebiyat
650 4 _aLanguage and Literature
650 0 _aTagore, Rabindranath,1861
_x 1941
650 0 _aTagore, Rabindranath, 1861
_x 1941
650 0 _aHint Edebiyatı
_x Romanlar
650 0 _aIndian Literature
_x Novels
650 0 _aRomanlar
_x Hint Edebiyatı
650 0 _aNovels
_x Indian Literature
650 0 _aÇağdaş hint edebiyatı
650 0 _aContemporary Indian literature
650 7 _aLITERARY COLLECTIONS / Asian / Indic
_2bisacsh
700 1 _aBaşbay, Hasan Murat
856 4 0 _uhttp://search.ebscohost.com/login.aspx?direct=true&scope=site&db=e011xww&AN=882879
999 _c8735
_d8735